000
00299nam a22001217a 4500
008
140417t xxu||||| |||| 00| 0 eng d
020
_a
978-1588294845
100
_a
W. Mark Saltzman
_9
826
245
_a
DNA Vaccines Methods and protocols
250
_a
second edition
300
_a
384
942
_2
ddc
_c
BK
999
_c
17073
_d
17073